Central Library OPAC University of Rajshahi

Strategies for diversification and change / (Record no. 15893)

MARC details
000 -LEADER
fixed length control field 00952cam a2200301 i 4500
001 - CONTROL NUMBER
control field 15893
003 - CONTROL NUMBER IDENTIFIER
rucl marc code BD-RjUL
005 - DATE AND TIME OF LATEST TRANSACTION
control field 20211208235915.0
008 - FIXED-LENGTH DATA ELEMENTS--GENERAL INFORMATION
fixed length control field 140211s1980 maua b 001 0 eng
020 ## - INTERNATIONAL STANDARD BOOK NUMBER
International Standard Book Number 0316521035
035 ## - SYSTEM CONTROL NUMBER
System control number (BD-RjUL)15948
040 ## - CATALOGING SOURCE
Original cataloging agency DLC
Transcribing agency DLC
Modifying agency DLC
-- BD-RjUL
Language of cataloging eng
041 ## - LANGUAGE CODE
Language code of text/sound track or separate title eng
082 00 - DEWEY DECIMAL CLASSIFICATION NUMBER
Classification number 658.16
Author mark and year LES 1980
100 1# - MAIN ENTRY--PERSONAL NAME
Personal name Leontiades, Milton.
9 (RLIN) 49274
245 10 - TITLE STATEMENT
Title Strategies for diversification and change /
Statement of responsibility, etc. Milton Leontiades.
260 ## - PUBLICATION, DISTRIBUTION, ETC. (IMPRINT)
Place of publication, distribution, etc. Boston :
Name of publisher, distributor, etc. Little, Brown,
Date of publication, distribution, etc. c1980.
300 ## - PHYSICAL DESCRIPTION
Pagination xv, 199 p. :
Illustrations ill. ;
Size 23 cm.
490 0# - SERIES STATEMENT
Series statement The Little, Brown series in strategy and policy
504 ## - BIBLIOGRAPHY, ETC. NOTE
Bibliography, etc Includes bibliography (p. 189-194) and indexes.
650 #0 - SUBJECT ADDED ENTRY--TOPICAL TERM
Topical term or geographic name as entry element Diversification in industry.
9 (RLIN) 49275
Topical term or geographic name as entry element Business planning.
9 (RLIN) 49276
Topical term or geographic name as entry element New products.
9 (RLIN) 49277
Topical term or geographic name as entry element Consolidation and merger of corporations.
9 (RLIN) 49278
942 ## - ADDED ENTRY ELEMENTS (KOHA)
Source of classification or shelving scheme Dewey Decimal Classification
Koha item type Books
Holdings
Lost status Source of classification or shelving scheme Damaged status Not for loan Collection code Permanent Location Current Location Shelving location Date acquired Source of acquisition Total Checkouts Full call number Date last seen Copy number Koha item type
  Dewey Decimal Classification   Not For Loan Non-fiction Central Library, University of Rajshahi Central Library, University of Rajshahi Reading Room 06/07/1987 Gift   658.16 LES 1980 11/02/2014 C-1 Books